|
|
|
|
| LEADER |
00000nab a2200000 a 4500 |
| 001 |
vtls009298156 |
| 003 |
SK-MaSNL |
| 005 |
20260304152241.0 |
| 008 |
250506c1975 xo |r|p|||||||000 b|slo |
| 015 |
|
|
|a SNBRB1976
|
| 035 |
|
|
|a (uuid)aded9d59-3ba1-4fd9-a64d-56d9881332fd
|
| 035 |
|
|
|a urn:nbn:sk:snk-ab12hq
|
| 035 |
|
|
|a (urnnbn)urn:nbn:sk:snk:ar-a00or0
|
| 038 |
|
|
|a SNKBUCL
|
| 040 |
|
|
|a SNKBUCL
|b slo
|c SNKBUCL
|e AACR2
|
| 041 |
0 |
|
|a slo
|
| 044 |
|
|
|a xo
|c SK
|
| 080 |
|
|
|a 72.071.1
|2 1997
|
| 245 |
0 |
0 |
|a Rozlúčili sme sa s profesorom J. E. Koulom
|
| 600 |
1 |
7 |
|a Koula, Jan E.,
|d 1896-1975
|2 snkbucl
|9 206003
|
| 655 |
|
7 |
|a nekrológy
|2 snkbucl
|9 402542
|
| 773 |
0 |
|
|t Projekt
|g Roč. 17, č. 10 (192) (1975), s. 52
|
| 850 |
|
|
|a Slovenská národná knižnica
|
| 852 |
|
|
|a Slovenská národná knižnica
|
| 954 |
|
|
|a odborná, vedecká literatúra pôvodná (slovenská)
|2 lita
|
| 958 |
|
|
|a article27
|
| 958 |
|
|
|a BC
|
| 958 |
|
|
|a OND
|
| 958 |
|
|
|a EUIPO
|
| 999 |
|
|
|c 2947953
|d 2949883
|